Advanced experimental techniques in modern physics (Record no. 1212186)

MARC details
000 -LEADER
fixed length control field 01122nam a2200313Ia 4500
003 - CONTROL NUMBER IDENTIFIER
control field OSt
005 - DATE AND TIME OF LATEST TRANSACTION
control field 20221007123614.0
008 - FIXED-LENGTH DATA ELEMENTS--GENERAL INFORMATION
fixed length control field 221006b |||||||| |||| 00| 0 eng d
020 ## - INTERNATIONAL STANDARD BOOK NUMBER
International Standard Book Number 8175569093 (pbk)
037 ## - SOURCE OF ACQUISITION
Terms of availability Textbook
040 ## - CATALOGING SOURCE
Original cataloging agency PAPL
Transcribing agency PAPL
Language of cataloging eng
041 ## - LANGUAGE CODE
Source of code eng
Language code of text/sound track or separate title eng
100 ## - MAIN ENTRY--PERSONAL NAME
Personal name Varier K Muraleedhara
9 (RLIN) 717476
245 #0 - TITLE STATEMENT
Title Advanced experimental techniques in modern physics
Remainder of title Joseph Antony Pradyumnan P P
260 ## - PUBLICATION, DISTRIBUTION, ETC.
Place of publication, distribution, etc. Meerut
Name of publisher, distributor, etc. Pragati Prakashan
Date of publication, distribution, etc. 2006
300 ## - PHYSICAL DESCRIPTION
Extent xii,246+v.p
Dimensions cm.
500 ## - GENERAL NOTE
General note Appendix A-B 238-244p; Bibliography 245-246p; Index i-iiip
650 ## - SUBJECT ADDED ENTRY--TOPICAL TERM
Topical term or geographic name entry element Experimental techniques
9 (RLIN) 717477
650 ## - SUBJECT ADDED ENTRY--TOPICAL TERM
Topical term or geographic name entry element Modern physics
9 (RLIN) 715172
650 ## - SUBJECT ADDED ENTRY--TOPICAL TERM
Topical term or geographic name entry element Physics
700 ## - ADDED ENTRY--PERSONAL NAME
Personal name Joseph Antony
9 (RLIN) 717478
700 ## - ADDED ENTRY--PERSONAL NAME
Personal name Pradyumnan P P
9 (RLIN) 717479
942 ## - ADDED ENTRY ELEMENTS (KOHA)
Classification part C:f3, P6 Carpa
Koha item type Textbook
Source of classification or shelving scheme Colon Classification (CC)
Holdings
Withdrawn status Lost status Source of classification or shelving scheme Damaged status Not for loan Home library Current library Date acquired Source of acquisition Total Checkouts Full call number Barcode Date last seen Price effective from Koha item type
    Colon Classification (CC)     Department of Physics and Astrophysics Library Department of Physics and Astrophysics Library 2022-10-07 1746, 02/03/2007, Unilib Book Distributors   C:f3 P6 Carpa PA0005795 2022-10-07 2022-10-07 Textbook
Copyright @ Delhi University Library System